Néhány személyes motívum szerepe az önszabályozó tanulásban

Elmentve itt :
Bibliográfiai részletek
Szerző: Molnár Éva
Dokumentumtípus: Cikk
Megjelent: 2003
Sorozat:Magyar pedagógia : a Magyar Tudományos Akadémia Pedagógiai Bizottságának folyóirata 103 No. 2
Kulcsszavak:Önszabályozó tanulás kutatási beszámoló 2000-es évek, Pedagógia elmélet
Online Access:http://misc.bibl.u-szeged.hu/14015
LEADER 00750nab a2200181 i 4500
001 misc14015
005 20191106140816.0
008 170607s2003 hu o 0|| hun d
022 |a 0025-0260 
040 |a SZTE Miscellanea Repozitórium  |b hun 
041 |a hun 
100 1 |a Molnár Éva 
245 1 0 |a Néhány személyes motívum szerepe az önszabályozó tanulásban  |h [elektronikus dokumentum] /  |c  Molnár Éva 
260 |c 2003 
300 |a 155-173 
490 0 |a Magyar pedagógia : a Magyar Tudományos Akadémia Pedagógiai Bizottságának folyóirata  |v 103 No. 2 
695 |a Önszabályozó tanulás kutatási beszámoló 2000-es évek, Pedagógia elmélet 
856 4 0 |u http://misc.bibl.u-szeged.hu/14015/1/mp_2003_002_6345_155-173.pdf  |z Dokumentum-elérés